00724nam a2200205 a 450000100100000000500170001000800410002702000150006804000250008310000270010824000590013524500920019425000120028626000320029830000210033070000360035104900090038795201050039699900170050100003435020200930073643.0111003s1982 es 000 0 spa d a8427911521 aDO-SdBNPbspacBNPHU1 aFallaci, Oriana95977510aTít. orig.:kLettera a un bambino mai natolitaliano10aCarta a un niño que nunca nació /cOriana Fallaci ; traducción Atilio Pentimalli. a31a ed. aEspaña :bbNoguer,c1982. a119 p. ;c23 cm.1 aPentimalli, Atilio,etr.959776 aBNPD 001050718MOaGRbGRcCTd2011-10-03iLF1l0o p34350-10r2020-06-25w2020-06-25y1ZNo se presta c33841d33841